000 00318 a2200157 4500
001 194260
020 _a978-85-8193-388-7
040 _cMagnum
100 _aPerrault, Charles
240 1 0 _aCinderela
_lpor
245 1 0 _aCinderela
300 _a25
362 0 _a2017
697 _aLITERATURA INFANTO
942 _cBK
999 _c194260
_d194260